Groups of Animals - HARD - Statistics

General Stats
  • This quiz has been taken 238 times
    192 since last reset
  • The average score is 4 of 20
Answer Stats
Hint Answer % Correct
Porcupines Prickle
51%
Jellyfish Smack
44%
Clams Bed
43%
Caterpillars Army
36%
Alligators Congregation
34%
Giraffes Tower
31%
Mice Mischief
28%
Cheetahs Coalition
25%
Coyotes Band
23%
Leopards Leap
23%
Barracudas Battery
20%
Hedgehogs Array
15%
Cobras Quiver
14%
Hippoputamuses Bloat
12%
Grasshoppers Cloud
10%
Rattlesnakes Rhumba
10%
Stingrays Fever
7%
Vultures Venue
7%
Crabs Cast
3%
Bloodhounds Sute
3%
No matching quizzes found
Score Distribution
Percent of People with Each Score
Percentile by Number Answered
Your Score History
You have not taken this quiz since the last reset